| 000 | 00675nam a2200241Ia 4500 | ||
|---|---|---|---|
| 003 | OSt | ||
| 005 | 20220918204233.0 | ||
| 006 | a|||||r|||| 00| 0 | ||
| 007 | ta | ||
| 008 | 220917b |||||||| |||| 00| 0 eng d | ||
| 024 | _a111,679 | ||
| 037 | _cTextual | ||
| 040 |
_aARTS _cARTS _beng |
||
| 041 |
_2eng _aeng |
||
| 082 | _aV541:25wN08, K6 | ||
| 100 |
_aStansky Peter _9106700 |
||
| 245 | 0 |
_aJourney to the frontier _b Julian Bell and John Cornford |
|
| 260 |
_aNA _bNA _c1966 |
||
| 650 | _aHISTORY | ||
| 700 |
_a Abrahams William _916562 |
||
| 942 |
_hV541:25wN08, K6 _cTEXL _2CC |
||
| 999 |
_c235028 _d235028 |
||